| 000 | 01417cam a2200433 a 4500 | ||
|---|---|---|---|
| 003 | OSt | ||
| 005 | 20140310184510.0 | ||
| 008 | 050203s2004 nyu 000 1 eng d | ||
| 010 | _a 2005271547 | ||
| 020 | _a9789715183802 | ||
| 035 | _a(OCoLC)ocm54980623 | ||
| 040 |
_aIG# _cIG# _dOCLCQ _dDLC |
||
| 041 | 1 |
_aeng _hfre |
|
| 042 | _alccopycat | ||
| 043 | _ae-fr--- | ||
| 050 | 0 | 0 |
_aPZ 7 _b.D891 2010 |
| 100 | 1 |
_aDumas, Alexandre, _d1802-1870. _94268 |
|
| 240 | 1 | 0 |
_aComte de Monte-Cristo. _lEnglish |
| 245 | 1 | 4 |
_aThe Count of Monte Cristo / _cAlexandre Dumas ; |
| 260 |
_aNew York : _bPocket Books, _c2010. |
||
| 300 |
_a127 p. : _c20 cm. _bill. ; |
||
| 490 | 1 | _aEnriched classic | |
| 521 | _aG3 | ||
| 526 | _c580 | ||
| 541 | _j1 | ||
| 541 | _j2 | ||
| 541 | _j3 | ||
| 562 | _eFor Circulation. 2 copies in the collection | ||
| 651 | 0 |
_aFrance _xHistory _y19th century _vFiction. _94269 |
|
| 655 | 7 |
_aHistorical fiction. _2gsafd _92926 |
|
| 655 | 7 |
_aAdventure stories. _2gsafd _92927 |
|
| 700 | 1 |
_aBrantley, Margaret. _94270 |
|
| 830 | 0 |
_aEnriched classics series. _93136 |
|
| 856 | 4 | 2 |
_3Publisher description _uhttp://www.loc.gov/catdir/enhancements/fy0631/2005271547-d.html |
| 906 |
_a7 _bcbc _ccopycat _d2 _encip _f20 _gy-gencatlg |
||
| 942 |
_2lcc _cBBK _kKF |
||
| 999 |
_c34896 _d34896 |
||